000 00601nam a2200193Ia 4500
005 20260120124606.0
008 008 260114s9999 xx 000 0 eng d
020 _a9781848558922
037 _aEBOOK
040 _aCRL
_beng
_cCRL
041 _aeng
_2eng
084 _qCRL
245 0 _aAdvances in Military Sociology: Essays in Honor of Charles C. Moskos, Part 2
260 _bEmerald Publishing
_c2009
700 _aGiuseppe Caforio
_9908144
856 _uhttps://www.emerald.com/insight/publication/doi/10.1108/S1572-8323(2009)12_Part_2
942 _cEBOOK
999 _c1500033
_d1500033